000 00680 a2200253 4500
003 CBULib
005 20250729134707.0
008 241029b |||||||| |||| 00| 0 eng d
020 _a9781786691187
040 _bEnglish
_cCBULib
_erda
041 _aeng
050 _aNA 6230 Cru
100 _aCruickshank, Dan
245 _aSkyscraper
_c/ by Dan Cruickshank
260 _bApollo,
_c2018
_aLondon :
300 _a304 pages : illustrations
336 _2rdacontent
_aText |
_btxt
337 _2rdamedia
_aUnmediated |
_bn
338 _2rdacarrier
_aVolume
_bnc
650 0 _93854
_aSKYSCRAPER
650 0 _93855
_aCHICAGO
650 0 _93856
_aSTRUCTURES
942 _2lcc
_c002
999 _c85711
_d85711